Autonomous Areas of the World with a map - Statistics

General Stats
  • This quiz has been taken 1,106 times
  • The average score is 42 of 126
Answers on the Map
Answers color-coded by a green-red scale on the quiz's map according to % correct below.
 
Answer Stats
Country it belongs to Title of the Area Autonomous Area % Correct
Kingdom of Denmark Country Greenland
95%
United Kingdom Country Scotland
89%
United Kingdom Country Wales
87%
United Kingdom Country Northern Ireland
86%
Italy Region Sicily
80%
China Region Tibet
79%
Spain Community Catalonia
75%
Italy Region Sardinia
72%
France Single Territorial Collectivity Corsica
70%
United States Territory Puerto Rico
68%
Kingdom of Denmark Country Faroe Islands
64%
Bosnia and Herzegovina Federation Federation of Bosnia and Herzegovina
62%
China Region Inner Mongolia
60%
Moldova Territorial unit Transnistria
60%
Spain Community Basque Country
59%
United Kingdom Overseas Territory Bermuda
59%
Spain Community Community of Madrid
59%
United Kingdom Crown Dependency Isle of Man
58%
Spain Community Canary Islands
57%
Spain Community Galicia
56%
Trinidad and Tobago Island Tobago
56%
United Kingdom Crown Dependency Jersey
54%
United Kingdom Overseas Territory Falkland Islands
53%
Georgia Republic Abkhazia
52%
Portugal Region Azores
52%
United Kingdom Overseas Territory Gibraltar
52%
France Special Collectivity New Caledonia
52%
Spain Community Andalusia
51%
United Kingdom Crown Dependency Guernsey
51%
Finland Region Åland Islands
50%
Spain Community Valencian Community
48%
Spain Community Aragon
46%
China Region Xinjiang
46%
Portugal Region Madeira
45%
Indonesia Province Papua
45%
Spain Community Balearic Islands
44%
China Special Administrative Region Hong Kong
44%
United Kingdom Overseas Territory Saint Helena, Ascension and Tristan da Cunha
44%
France Overseas Collectivity French Polynesia
42%
Bosnia and Herzegovina Republic Republika Srpska
42%
China Special Administrative Region Macau
41%
Mexico City Mexico City
41%
Belarus City Minsk
41%
Spain City Ceuta
39%
United States Territory Guam
39%
Kingdom of the Netherlands Country Aruba
38%
Pakistan Territory Azad Jammu and Kashmir
38%
Hungary City Budapest
38%
United Kingdom Overseas Territory Cayman Islands
37%
United States Territory U.S. Virgin Islands
37%
Indonesia Province West Papua
37%
Argentina City Buenos Aires
36%
Italy Region Trentino-Alto Adige/Südtirol
36%
Thailand Special Administrative Area Bangkok
35%
Kingdom of the Netherlands Country Curaçao
35%
Spain City Melilla
34%
Spain Community Region of Murcia
34%
Spain Community Principality of Asturias
33%
Russia Oblast Jewish Autonomous Oblast
32%
Indonesia Province Aceh
31%
Papua New Guinea Region Bougainville
31%
Spain Community Extremadura
31%
São Tomé and Príncipe Region Príncipe
31%
United States Territory American Samoa
30%
Spain Community Chartered Community of Navarre
30%
Indonesia Region Jakarta
29%
Armenia City Yerevan
29%
Italy Region Aosta Valley
28%
Serbia City Belgrade
28%
Spain Community Castilla–La Mancha
28%
Realm of New Zealand Associated State Niue
28%
France Overseas Collectivity Saint Martin
28%
Spain Community La Rioja
27%
United States Territory Northern Mariana Islands
26%
Spain Community Cantabria
24%
Realm of New Zealand Associated State Cook Islands
24%
United Kingdom Overseas Territory British Virgin Islands
23%
Moldova Territorial unit Găgăuzia
23%
Uzbekistan Republic Karakalpakstan
23%
Russia Okrug Nenets
23%
United Kingdom Overseas Territory Anguilla
22%
United Kingdom Overseas Territory Montserrat
22%
Central African Republic Commune Bangui
21%
Romania Municipality Bucharest
21%
Realm of New Zealand Dependent Territory Tokelau
21%
South Korea Province Jeju
20%
Greece Region Mount Athos
20%
Kingdom of the Netherlands Country Sint Maarten
20%
Uzbekistan City Tashkent
20%
Ivory Coast District Abidjan
19%
Spain Community Castile and León
19%
Russia Okrug Chukotka
19%
China Region Guangxi
19%
China Region Ningxia
19%
United Kingdom Overseas Territory Pitcairn
18%
Ivory Coast District Yamoussoukro
18%
Cambodia Municipality Phnom Penh
17%
France Overseas Collectivity Saint Barthélemy
16%
France Overseas Collectivity Wallis and Futuna
16%
Russia Okrug Yamalo-Nenets
16%
Bosnia and Herzegovina District Brčko District
15%
Guinea-Bissau Sector Bissau
14%
Indonesia Province Yogyakarta
14%
United Kingdom Overseas Territory Turks and Caicos Islands
13%
Italy Region Friuli-Venezia Giulia
12%
Russia Okrug Khanty-Mansi
12%
France Overseas Collectivity Saint Pierre and Miquelon
12%
Georgia Republic Adjara
11%
Comoros Island Grande Comore
8%
Nicaragua Region North Caribbean Coast
8%
Nicaragua Region South Caribbean Coast
8%
Pakistan Territory Gilgit-Baltistan
7%
Tajikistan Republic Gorno-Badakhshan
7%
Fiji Dependency Rotuma
7%
United Kingdom Overseas Territory Sovereign Base Areas of Akrotiri and Dhekelia
7%
Comoros Island Anjouan
6%
Philippines Region Bangsamoro
6%
Comoros Island Mohéli
5%
Mauritius Region Rodrigues
5%
Vanuatu Province Sanma
4%
Grenada Dependency Carriacou and Petite Martinique
3%
Vanuatu Province Torba
1%
Vanuatu Province Malampa
1%
Vanuatu Province Penama
1%
Vanuatu Province Shefa
1%
Vanuatu Province Tafea
1%
No matching quizzes found
Score Distribution
Percent of People with Each Score
Percentile by Number Answered
Your Score History
You have not taken this quiz